000 00366nam a2200133Ia 4500
005 20260402124333.0
022 _a2307-2482
050 _aRC924 .A37
245 _aAfrican Journal of Rheumatology
250 _aVol. 11, No. 1
260 _bAfrican League of Associations for Rheumatology (AFLAR)
_c2023
300 _avi, 1-133 p. : ill. ; 29 cm.
942 _cSR
_2lcc
999 _c37259
_d37259